000 00575nam a2200229Ia 4500
003 OSt
005 20221005070844.0
006 a|||||r|||| 00| 0
007 ta
008 221004b |||||||| |||| 00| 0 eng d
024 _a53315
037 _cTextual
040 _aCRL
_cCRL
_beng
041 _2eng
_aeng
082 _aTwN19, M5
245 0 _aHarmony
_b Glimpses in the life of Madhuri R Shah
260 _aNew Delhi
_bAllied
_c1985
300 _a277p.
_ccm.
650 _aEDUCATION
942 _hTwN19, M5
_cTEXL
_2cc
999 _c976888
_d976888